000 00610nam a22002177a 4500
003 UA-OsUOA
001 116245
007 ta
008 20160225b un ||||| |||| 00| 0 ukr d
100 _aІсаєва О.
090 _a82
_bИ99
942 _cSA
040 _aUA-OsUOA
_bukr
_cUA-OsUOA
_dUA-OsUOA
245 _aФормування читача-інтерпритатора у сучасній українській школі
300 _aС.25-28
955 _a0
041 _aukr
080 _a82
773 0 _w116243
650 7 _a82 Література. Літературознавство
_2UDC
999 _c402057
_d402057